<The> Comparison of nine-factor model and diamond model: application for the Czech Republic, Slovakia and Hungary
Pojednanie o dvoch modeloch merania makroekonomickej konkurenciechopnosti, a to Porterovom diamantovom modeli a modeli deviatich faktorov. Identifikácia rozdielov spomenutých modelov. Krajiny zahrnuté vo výskume predstavujú Slovensko, Českú republiku a Maďarsko.
Salvato in:
| Autore principale: | |
|---|---|
| Natura: | Capitolo di libro |
| Lingua: | inglese |
| Soggetti: | |
| Tags: |
Nessun Tag, puoi essere il primo ad aggiungerne!!
|
MARC
| LEADER | 00000naa a2200000 4500 | ||
|---|---|---|---|
| 001 | 0186819 | ||
| 005 | 20231128131940.5 | ||
| 041 | 0 | |a eng | |
| 044 | |a CZ | ||
| 245 | 1 | 0 | |a <The> Comparison of nine-factor model and diamond model: application for the Czech Republic, Slovakia and Hungary |c Pavlína Balcarová |
| 520 | |a Pojednanie o dvoch modeloch merania makroekonomickej konkurenciechopnosti, a to Porterovom diamantovom modeli a modeli deviatich faktorov. Identifikácia rozdielov spomenutých modelov. Krajiny zahrnuté vo výskume predstavujú Slovensko, Českú republiku a Maďarsko. | ||
| 610 | 2 | 0 | |a Slovensko |
| 610 | 2 | 0 | |a konkurencieschopnosť |
| 610 | 2 | 0 | |a makroekonomika |
| 610 | 2 | 0 | |a Maďarsko |
| 610 | 2 | 0 | |a Česko |
| 610 | 2 | 0 | |a modely ekonomicko-matematické |
| 100 | 1 | |a Balcarová, Pavlína | |